000 01038nam a2200325 a 4500
001 000025162
003 DO-SdBNP
005 20260119101451.0
008 110208s1985 sp r 000 | spa d
020 _a8401803241
040 _aDO-SdBNP
_bspa
_cBNPHU
041 1 7 _aeng
_hspa
_2Código de idioma MARC
082 4 _a128.46
_bB976a, 1985
_222
100 1 _aBuscaglia, Leo F.
_950705
240 1 0 _aLove. Personhood.
_lEspañol
245 1 0 _aAmor /
_cLeo F. Buscaglia ; traducción, Montserrat Solanas, Lorenzo Cortina.
250 _a2a ed.
260 _aBarcelona, España :
_bPlaza & Janes,
_c1985.
300 _a264 p. ;
_c22 cm.
490 0 _aDivulgación
504 _aBibliografía : p. 259-264
590 _aInventariado, 2019/BT
650 7 _aAmor
_91688
_2LIBRUNAM
650 4 _aCortejo amoroso
_98267
650 7 _aConducta de vida
_911947
_2LIBRUNAM
650 0 _aDesarrollo de la personalidad
_91190
700 1 _aSolanas, Montserrat,
_etr.
_950706
700 1 _aCortina, Lorenzo,
_etr.
_950707
942 _2ddc
_cLBS1
999 _c24655
_d24655